Biggest U.S. Cities Founded After 1900 - Statistics

General Stats
  • This quiz has been taken 184 times
    96 since last reset
  • The average score is 9 of 20
Answer Stats
Population Founded City State % Correct
660,929 1905 Las Vegas NV
100%
453,649 1906 Virginia Beach VA
79%
337,305 1941 Henderson NV
70%
286,075 1914 Anchorage AK
68%
284,771 1919 North Las Vegas NV
67%
280,167 1912 Chandler AZ
56%
275,411 1910 Gilbert AZ
52%
221,300 1921 Hialeah FL
44%
314,621 1914 Irvine CA
40%
197,089 1905 Overland Park KS
39%
224,455 1957 Cape Coral FL
38%
254,373 1903 Irving TX
38%
245,021 1961 Port St. Lucie FL
33%
158,285 1938 Surprise AZ
32%
225,007 1902 Frisco TX
30%
153,859 1921 Hollywood FL
26%
144,922 1953 Thornton CO
21%
146,593 1904 McAllen TX
20%
171,119 1956 Pembroke Pines FL
16%
215,465 1905 Fontana CA
7%
No matching quizzes found
Score Distribution
Percent of People with Each Score
Percentile by Number Answered
Your Score History
You have not taken this quiz since the last reset